| 000 | 00669nam a22002177a 4500 | ||
|---|---|---|---|
| 003 | AM-YEHGA | ||
| 005 | 20250617164501.0 | ||
| 008 | 220304b ||||| |||| 00| 0 rus d | ||
| 040 | _aAM-YeHGA | ||
| 041 | 0 | _arus | |
| 100 | 1 | _aТолстой, Лев Николаевич. | |
| 245 | 1 | 0 |
_aВоскресение : _bРоман / _cЛ.Н. Толстой |
| 260 |
_aЧелябинск : _bКн. изд-во, _c1962 |
||
| 300 |
_a464 с., _bил. |
||
| 653 | 0 | _aРоссия, 19 в. (х. л.) | |
| 653 | 0 | _aЖенщина в России (х. л.) | |
| 653 | 0 | _aСуд в России (х. л.) | |
| 942 |
_2udc _cBK |
||
| 001 | 1822003 | ||
| 090 | _c532159 | ||
| 999 |
_c524959 _d524959 |
||